000 00930nam a22002417a 4500
999 _c15898
_d15898
003 AR-CdUCM
008 190430b ||||| |||| 00| 0 spa d
020 _a978-612-45633-4-8
040 _aMUNICIPALIDAD PROVINCIAL DEL CUSCO
_cBIBLIOTECA MUNICIPAL DEL CUSCO
082 _aEP / 398 /
_bC32
100 _aCananto Shingari, Enrique.
_935108
245 _aObayeripaye :
_aGuerreros :
_bAsháninka /
260 _aLima :
_c2009.
_bComite de damas del congreso de la republicana : Fondo editorial del congreso de la república,.
300 _a46 páginas ;
_c29 cm.
_bIlustraciones.
440 _aAugmattai Perunumia Dakumjamu / Cuentos pintados del Perú.
_n5
_935109
500 _aLibros de lectura.
505 _aContenido :Guerreros ...
650 _aLenguas amazónicas.
_935092
650 _aAsháninka.
_935110
700 _aMacera Urquizo, Javier (ilustraciones)
_935094
942 _2ddc
_cLIBROS
945 _arum
_d2019-04-30